Normal view
MARC view
- فاليه.د.ش
Entry Personal Name
001 - CONTROL NUMBER
- control field: 6965
003 - CONTROL NUMBER IDENTIFIER
- control field: JO-AjAnu
005 - DATE AND TIME OF LATEST TRANSACTION
- control field: 20230606071428.0
008 - FIXED-LENGTH DATA ELEMENTS
- fixed length control field: 230606|| aca||aabn | a|a d
040 ## - CATALOGING SOURCE
- Original cataloging agency: JO-AjAnu
- Transcribing agency: JO-AjAnu
100 ## - HEADING--PERSONAL NAME
- Personal name: فاليه.د.ش
670 ## - SOURCE DATA FOUND
- Source citation: Work cat.: (JO-AjAnu)3608: فاليه.د.ش, author, النظائر المشعة وبرنامج الاشعاع للدول العربيه